[Event "Foment Martinenc op-C 22nd"]
[Site "Barcelona"]
[Date "2022.06.18"]
[Round "9"]
[White "Sanz Sanz, Alvaro"]
[Black "Amat Davins, Biel"]
[Result "0-1"]
[WhiteElo "1481"]
[BlackElo "1461"]
[PlyCount "102"]
[EventDate "2022.04.23"]
[EventType "swiss"]
[EventRounds "9"]
[EventCountry "ESP"]
[SourceTitle "EXT 2023"]
[Source "ChessBase"]
[SourceDate "2022.10.05"]
[SourceVersion "1"]
[SourceVersionDate "2022.10.05"]
[SourceQuality "1"]

1. e4 e5 2. Nf3 Nc6 3. Bc4 Bc5 4. c3 Nf6 5. d4 exd4 6. cxd4 Bb4+ 7. Nc3 Bxc3+ 8. bxc3 d6 9. 0-0 h6 10. h3 0-0 11. Ba3 Re8 12. e5 Ne4 13. Qd3 d5 14. Rfe1 Bf5 15. Bb3 Qd7 16. Nh4 Bh7 17. Qb5 Nxc3 18. Qc5 Qd8 19. Qxc3 Qxh4 20. Bxd5 Qxd4 21. Qxd4 Nxd4 22. Bb3 Bc2 23. Bc5 Nxb3 24. axb3 Bxb3 25. Rxa7 Rxa7 26. Bxa7 b6 27. Rc1 Rxe5 28. Bb8 Rc5 29. Rxc5 bxc5 30. Bxc7 f6 31. Kf1 Kf7 32. Ke2 Ke6 33. Bf4 Kd5 34. Kd3 Bc4+ 35. Kc3 Bf1 36. h4 Bxg2 37. Be3 c4 38. Bc1 Bf1 39. Kd2 Ke4 40. Kc3 Kf3 41. Be3 Kg4 42. Bc5 Kxh4 43. Bf8 h5 44. Bxg7 f5 45. Kd2 Kg4 46. Ke1 Bd3 47. Kd2 Kf3 48. Ke1 h4 49. Bf6 h3 50. Be5 f4 51. Bxf4 Kxf4 0-1